[Event "Lovsprings op 09th D"]
[Site "Ringsted"]
[Date "1997.05.02"]
[Round "6"]
[White "Reinager, Gunnar"]
[Black "Jensen, Finn Anker"]
[Result "1/2-1/2"]
[WhiteElo "1321"]
[BlackElo "1294"]
[PlyCount "104"]
[EventDate "1997.03.14"]
[EventType "swiss"]
[EventRounds "7"]
[EventCountry "DEN"]
[SourceTitle "EXT 2023"]
[Source "ChessBase"]
[SourceDate "2022.10.05"]
[SourceVersion "1"]
[SourceVersionDate "2022.10.05"]
[SourceQuality "1"]

1. e4 Nf6 2. Nc3 d5 3. exd5 Nxd5 4. Qf3 e6 5. d4 Bb4 6. Bd2 Nc6 7. Bb5 Bd7 8. Nge2 Nxc3 9. Bxc3 a6 10. Bc4 b5 11. Bb3 Qe7 12. 0-0 Bxc3 13. bxc3 0-0 14. Rfe1 Qa3 15. Qf4 Qd6 16. Qd2 Na5 17. Ng3 c5 18. Ne4 Nxb3 19. cxb3 Qc6 20. Nxc5 Rfe8 21. Re3 a5 22. Rae1 Rad8 23. a3 Bc8 24. Qb2 Rd5 25. Nd3 Bb7 26. f4 Rc8 27. Ne5 Qc7 28. Nf3 Qxf4 29. c4 Rd7 30. d5 bxc4 31. dxe6 Rd3 32. exf7+ Qxf7 33. Rxd3 cxd3 34. Nd4 Qd5 35. Ne6 Qxg2+ 36. Qxg2 Bxg2 37. Kxg2 Re8 38. Kf2 d2 39. Rd1 Rxe6 40. Rxd2 g5 41. b4 axb4 42. axb4 Rb6 43. Rd4 Kf7 44. Kf3 h5 45. Rc4 Ke6 46. h3 Kf6 47. Rd4 Rc6 48. b5 Rc3+ 49. Kg2 Rb3 50. Rd5 h4 51. Rc5 Rb2+ 52. Kf3 Rb4 1/2-1/2

[Event "Lovfalds 08th F"]
[Site "Ringsted"]
[Date "1994.09.30"]
[Round "5"]
[White "Jensen, Finn Anker"]
[Black "Andersen, Kim"]
[Result "0-1"]
[WhiteElo "1287"]
[BlackElo "1270"]
[PlyCount "72"]
[EventDate "1994.09.02"]
[EventType "tourn"]
[EventRounds "5"]
[EventCountry "DEN"]
[SourceTitle "EXT 2023"]
[Source "ChessBase"]
[SourceDate "2022.10.05"]
[SourceVersion "1"]
[SourceVersionDate "2022.10.05"]
[SourceQuality "1"]

1. c4 g6 2. d4 Bg7 3. Bg5 Nf6 4. Nc3 d5 5. e3 c6 6. Be2 Qc7 7. Rc1 dxc4 8. Bxc4 e6 9. Qf3 Nbd7 10. Bb3 0-0 11. Nge2 Re8 12. Nb5 Qa5+ 13. Nec3 cxb5 14. Qe2 b4 15. Nb5 Nb6 16. Bxf6 Bxf6 17. Nc7 Rd8 18. Nxa8 Nxa8 19. 0-0 Bd7 20. Qf3 Kg7 21. Rc5 b5 22. Rfc1 Qb6 23. R5c2 a5 24. Rd2 a4 25. Bd1 Bc6 26. Rxc6 Qa5 27. d5 b3 28. axb3 Qxd2 29. Be2 Qxd5 30. Qxd5 Rxd5 31. e4 Rd4 32. Bf3 axb3 33. Rc5 Rc4 34. Rxc4 bxc4 35. e5 Bxe5 36. Bxa8 Bxb2 0-1

[Event "Lovsprings op 06th E"]
[Site "Ringsted"]
[Date "1994.03.27"]
[Round "1"]
[White "Jensen, Finn Anker"]
[Black "Brons, Brian"]
[Result "1/2-1/2"]
[WhiteElo "1280"]
[BlackElo "1284"]
[PlyCount "81"]
[EventDate "1994.03.27"]
[EventType "swiss"]
[EventRounds "7"]
[EventCountry "DEN"]
[SourceTitle "EXT 2023"]
[Source "ChessBase"]
[SourceDate "2022.10.05"]
[SourceVersion "1"]
[SourceVersionDate "2022.10.05"]
[SourceQuality "1"]

1. c4 Nf6 2. Nc3 d5 3. cxd5 Nxd5 4. g3 Nxc3 5. bxc3 Bd7 6. d4 Bc6 7. Nf3 e6 8. Bf4 Bd6 9. Bxd6 cxd6 10. Bg2 Nd7 11. 0-0 0-0 12. Re1 Nf6 13. c4 h6 14. h4 Ng4 15. Nh2 Bxg2 16. Kxg2 Nf6 17. f4 h5 18. e4 g6 19. Nf3 Nh7 20. e5 d5 21. c5 b6 22. c6 Rc8 23. Rc1 Rc7 24. Rc3 Qe7 25. Qa4 Ra8 26. Rec1 a6 27. Qb3 Rb8 28. a4 b5 29. axb5 axb5 30. Rc5 Rb6 31. Rxb5 Rbxc6 32. Rxc6 Rxc6 33. Rb8+ Kg7 34. Rb7 Rc7 35. Rb5 Qd7 36. Ne1 Rc4 37. Qb2 Qc6 38. Kh3 Nf8 39. Rb6 Qc7 40. Rb7 Qc6 41. Rb6 1/2-1/2